000 00291nam a22001217a 4500
040 _cHS
082 _a333 LAC 1982 C086
100 _aP. LACONTE
245 _aWater resources and land-use planning : a systems approach
260 _aLodon
_bP. LACONTE
_c1982
300 _a470p;
942 _cEK
999 _c11076
_d11076